[Event "GRE-ch South U14"]
[Site "Athens"]
[Date "2020.08.28"]
[Round "1"]
[White "Tsourekas, Kyriakos"]
[Black "Toumpezoglou, Dimitrios"]
[Result "1-0"]
[WhiteElo "1435"]
[BlackElo "1177"]
[PlyCount "83"]
[EventDate "2020.08.28"]
[EventType "swiss"]
[EventRounds "9"]
[EventCountry "GRE"]
[SourceTitle "EXT 2023"]
[Source "ChessBase"]
[SourceDate "2022.10.05"]
[SourceVersion "1"]
[SourceVersionDate "2022.10.05"]
[SourceQuality "1"]

1. Nf3 Nf6 2. d4 d5 3. e3 Bf5 4. Be2 Nc6 5. 0-0 e6 6. b3 Bd6 7. Bb2 0-0 8. Nbd2 Re8 9. Ne5 Bxe5 10. dxe5 Nd7 11. f4 Nb4 12. e4 dxe4 13. a3 Nd5 14. Qc1 Ne3 15. Re1 Qh4 16. Nc4 Nxc4 17. Bxc4 Nb6 18. g3 Qe7 19. Bf1 Qc5+ 20. Kh1 Qc6 21. Bg2 Bg6 22. c4 Nd7 23. Re3 f5 24. exf6 gxf6 25. Qc3 Kf7 26. Rd1 Ke7 27. Re2 Rf8 28. Red2 Nc5 29. a4 Nd3 30. Rxd3 Ke8 31. Ba3 Rf7 32. Qd2 exd3 33. Bxc6+ bxc6 34. Qe3 Kd7 35. a5 a6 36. g4 Kc8 37. Qxe6+ Rd7 38. Qxc6 Ra7 39. f5 Bf7 40. Qxf6 h5 41. gxh5 Bxh5 42. Qh8+ 1-0

[Event "GRE-ch U12"]
[Site "Rio Achaia"]
[Date "2018.07.06"]
[Round "6"]
[White "Apostolopoulos, Michail"]
[Black "Tsourekas, Kyriakos"]
[Result "0-1"]
[WhiteElo "1054"]
[BlackElo "1313"]
[PlyCount "58"]
[EventDate "2018.07.03"]
[EventType "swiss"]
[EventRounds "9"]
[EventCountry "GRE"]
[SourceTitle "EXT 2019"]
[Source "ChessBase"]
[SourceDate "2018.10.10"]
[SourceVersion "1"]
[SourceVersionDate "2018.10.10"]
[SourceQuality "1"]

1. d4 d5 2. c4 e6 3. Nc3 Nf6 4. cxd5 exd5 5. Bg5 Be7 6. Qc2 0-0 7. e3 Nbd7 8. Bd3 b6 9. Nge2 Bb7 10. 0-0 c5 11. b3 Ne4 12. Bxe7 Qxe7 13. f3 Nxc3 14. Bxh7+ Kh8 15. Nxc3 Qxe3+ 16. Kh1 Nf6 17. Rfe1 Qxd4 18. Rad1 Qh4 19. Bf5 Rfe8 20. Rf1 Re7 21. f4 Rae8 22. Kg1 Ng4 23. Bxg4 Qxg4 24. Nxd5 Re2 25. Qxe2 Rxe2 26. g3 Qh3 27. Rf2 Rxf2 28. Kxf2 Qxh2+ 29. Kf3 Bxd5+ 0-1

[Event "GRE-ch U12"]
[Site "Rio Achaia"]
[Date "2018.07.05"]
[Round "4"]
[White "Kalogridis, Antonios"]
[Black "Tsourekas, Kyriakos"]
[Result "1-0"]
[WhiteElo "1716"]
[BlackElo "1313"]
[PlyCount "91"]
[EventDate "2018.07.03"]
[EventType "swiss"]
[EventRounds "9"]
[EventCountry "GRE"]
[SourceTitle "EXT 2019"]
[Source "ChessBase"]
[SourceDate "2018.10.10"]
[SourceVersion "1"]
[SourceVersionDate "2018.10.10"]
[SourceQuality "1"]

1. d4 d5 2. c4 e6 3. Nc3 Nf6 4. cxd5 exd5 5. Bg5 Be7 6. e3 0-0 7. Bd3 Nbd7 8. Qc2 b6 9. Nf3 c5 10. 0-0 Bb7 11. Rad1 Ne4 12. Bxe7 Qxe7 13. dxc5 Ndxc5 14. Be2 Rfd8 15. Nd4 Rac8 16. Bg4 Nd7 17. Nde2 Qg5 18. Bh3 Ba6 19. Rfe1 Qh5 20. Nf4 Qh4 21. Nfxd5 Nxc3 22. Nxc3 Bb5 23. Rd4 Qe7 24. Qd2 Bc6 25. Rd1 Rc7 26. Nd5 Bxd5 27. Rxd5 Qf6 28. Bxd7 Rf8 29. Bf5 g6 30. Bh3 Kg7 31. Qd4 Qxd4 32. R1xd4 Re8 33. g3 Rc2 34. Rd2 Rc7 35. Rd7 Re7 36. Rxe7 Rxe7 37. Rd7 Rxd7 38. Bxd7 Kf8 39. e4 Ke7 40. Bb5 Kd6 41. f4 f6 42. Bc4 h6 43. Kf2 g5 44. Ke3 Kc5 45. e5 fxe5 46. fxe5 1-0